000 00743nam a22002177a 4500
999 _c5376
_d5376
003 AR-CdUCM
008 190312b ||||| |||| 00| 0 spa d
040 _aMUNICIPALIDAD PROVINCIAL DEL CUSCO
_cBIBLIOTECA MUNICIPAL DEL CUSCO
082 _a372.48 /
_bG21
100 _aGallegos Sanz, Manuel
_916210
245 _aMundo del agro :
_bPoesía para el niño /
260 _aArequipa :
_bTalleres Tipograficos Quiroz Salazar,
_c1965.
300 _a134 paginas ;
_c22 cm.
500 _aDonación de la familia Nieto.
505 _aContenido :Mundo del agro, poesía para el niño.
650 _aPoesías infantiles peruanas
_95425
650 _aCanciones infantiles
_916211
650 _aArequípa
_91703
942 _2ddc
_cLIBROS
945 _arum